BIBLIOTECA

SENCICO

Topografía para estudios de grado / (Registro nro. 510)

Detalles MARC
000 -LEADER
fixed length control field 01741nam a2200349Ia 4500
003 - CONTROL NUMBER IDENTIFIER
control field PE SENCICO BE
005 - DATE AND TIME OF LATEST TRANSACTION
control field 20251020182440.0
008 - FIXED-LENGTH DATA ELEMENTS--GENERAL INFORMATION
fixed length control field 200515s9999 xx 000 0 und d
020 ## - INTERNATIONAL STANDARD BOOK NUMBER
International Standard Book Number 84-95279-91-6
040 ## - CATALOGING SOURCE
Original cataloging agency PE SENCICO BE
Transcribing agency PE SENCICO BE
041 ## - LANGUAGE CODE
Language code of text/sound track or separate title spa
082 ## - DEWEY DECIMAL CLASSIFICATION NUMBER
Classification number 526.9
Item number S21
100 1# - MAIN ENTRY--PERSONAL NAME
Personal name San José Blasco, José Juan de
9 (RLIN) 3261
Relator term autor
245 10 - TITLE STATEMENT
Title Topografía para estudios de grado /
Statement of responsibility, etc. José Juan de Sanjosé Blasco, Emilio Martinez García, Mariló López González
250 ## - EDITION STATEMENT
Edition statement 1a ed.
260 ## - PUBLICATION, DISTRIBUTION, ETC.
Place of publication, distribution, etc. Madrid :
Name of publisher, distributor, etc. Bellisco Ediciones Técnicas y Científicas,
Date of publication, distribution, etc. 2004
300 ## - PHYSICAL DESCRIPTION
Extent 413 páginas :
Other physical details ilustraciones, tablas, gráficos,
Dimensions 24 cm.
490 ## - SERIES STATEMENT
Series statement Biblioteca Técnica Universitaria ;
Volume/sequential designation 10
504 ## - BIBLIOGRAPHY, ETC. NOTE
Bibliography, etc. note Bibliografía: p. 411-413
505 0# - FORMATTED CONTENTS NOTE
Formatted contents note Las redes geodésicas -- Los modelos matemáticos -- Tratamiento de las redes geodésicas -- Representación de la planimetría y altimetría -- Proyecciones cartográficas -- Representación cartográfica de elementos terrestres -- Producción cartográfica en España -- Condicionantes físicas y geométricas de la fotografía -- Estereoscopía: conceptos, instrumentos y medición -- Restitución fotogramétrica -- Instrumentos topográficos -- Métodos topográficos -- Aplicaciones topográficas -- Seguridad del topógrafo
650 10 - SUBJECT ADDED ENTRY--TOPICAL TERM
Topical term or geographic name entry element Topografía
9 (RLIN) 4
650 20 - SUBJECT ADDED ENTRY--TOPICAL TERM
Topical term or geographic name entry element Instrumentos de topografía
9 (RLIN) 997
650 20 - SUBJECT ADDED ENTRY--TOPICAL TERM
Topical term or geographic name entry element Geodesia
9 (RLIN) 2
650 20 - SUBJECT ADDED ENTRY--TOPICAL TERM
Topical term or geographic name entry element Cartografía
9 (RLIN) 1
650 20 - SUBJECT ADDED ENTRY--TOPICAL TERM
Topical term or geographic name entry element Fotogrametría
9 (RLIN) 120
650 20 - SUBJECT ADDED ENTRY--TOPICAL TERM
Topical term or geographic name entry element Métodos topográficos
9 (RLIN) 1235
650 20 - SUBJECT ADDED ENTRY--TOPICAL TERM
Topical term or geographic name entry element Proyecciones e isometrías
9 (RLIN) 874
650 20 - SUBJECT ADDED ENTRY--TOPICAL TERM
Topical term or geographic name entry element Planimetría
9 (RLIN) 1232
700 1# - ADDED ENTRY--PERSONAL NAME
9 (RLIN) 3262
Personal name Martínez García, Emilio
Relator term autor
700 1# - ADDED ENTRY--PERSONAL NAME
9 (RLIN) 3263
Personal name López González, Mariló
Relator term autor
942 ## - ADDED ENTRY ELEMENTS (KOHA)
Koha item type Libros
Source of classification or shelving scheme Dewey Decimal Classification
Existencias
Fecha de la última vez que lo usaron Número de ingreso o de inventario Pago total Signatura topográfica completa Código de barras Precio efectivo desde Tipo de documento Estado perdido Sistema de clasificación Estado dañado No es para préstamo Retirado Ubicación permanente Ubicación actual Fecha de adquisición
15/05/2020 14652   526.9/S21 BibLima25080018 15/05/2020 Libros   Dewey Decimal Classification       Biblioteca Central Lima Biblioteca Central Lima 15/05/2020